000 00641nam a2200193Ia 4500
005 20250508151231.0
008 008 250505s9999 xx 000 0 eng d
037 _aTextual
040 _aFEDL
_beng
_cFEDL
041 _aeng
_2eng
084 _a371.426, IND
_qFEDL
245 0 _aProceedings of the third meeting of all-India council for technical education held at Bombay on the 22nd April, 1948
245 0 _cIndia. Bureau of Education
260 _aNew Delhi, India
_bManager Govt. of India Press
_c1949
300 _a119p.
546 _aPamphlet No. 59
942 _cTEXL
_h371.426, IND
999 _c1328436
_d1328436